[Event "Michigan Open Reserve"]
[Site "Lansing, MI"]
[Date "2002.08.31"]
[Round "2.4"]
[White "Fick II, Douglas"]
[Black "Matias, I.C."]
[Result "1-0"]
[WhiteElo "1458"]
[BlackElo "1747"]
[PlyCount "145"]
[EventDate "2002.08.30"]

1. e4 e5 2. Nf3 Nc6 3. Bc4 Bc5 4. O-O Nf6 5. d3 O-O 6. Nc3 h6 7. Be3 Bxe3 8.
fxe3 d6 9. h3 Na5 10. Bb3 Nxb3 11. axb3 Be6 12. d4 exd4 13. exd4 Re8 14. Nd2 c6
15. Qf3 Qb6 16. Qf2 Re7 17. Rae1 Rae8 18. Nf3 Qc7 19. e5 dxe5 20. dxe5 Nd7 21.
Qxa7 Bd5 22. Nxd5 cxd5 23. Qf2 Nxe5 24. Nxe5 Rxe5 25. Qf4 f6 26. Rxe5 Qxe5 27.
Qf3 Qe4 28. Qf2 d4 29. Qd2 Rc8 30. c3 Qe3+ 31. Qxe3 dxe3 32. Re1 Re8 33. g3 f5
34. Kg2 g5 35. Kf3 e2 36. Rxe2 Rxe2 37. Kxe2 Kf7 38. Ke3 Ke6 39. c4 Ke5 40. b4
b6 41. c5 b5 42. h4 Kd5 43. h5 Ke5 44. c6 Kd6 45. Kd4 Kxc6 46. Ke5 f4 47. gxf4
g4 48. Ke4 Kd6 49. Ke3 Ke6 50. Kf2 Kf6 51. Kg3 Kf5 52. b3 Kf6 53. Kxg4 Ke6 54.
Kf3 Kf5 55. Ke3 Kf6 56. Ke4 Ke6 57. f5+ Kf6 58. Kf4 Kf7 59. Ke5 Ke7 60. f6+ Kf7
61. Kf5 Kf8 62. Kg6 Kg8 63. f7+ Kf8 64. Kxh6 Kxf7 65. Kg5 Kg7 66. Kf5 Kh6 67.
Ke5 Kxh5 68. Kd5 Kg6 69. Kc5 Kf7 70. Kxb5 Ke7 71. Ka6 Kd7 72. b5 Kc7 73. Ka7
1-0

[Event "Michigan Open Booster"]
[Site "Lansing, MI"]
[Date "2002.08.31"]
[Round "1.24"]
[White "Feller, Brad"]
[Black "Carter, Ashley"]
[Result "1-0"]
[WhiteElo "1304"]
[BlackElo "886"]
[PlyCount "43"]
[EventDate "2002.08.30"]

1. c4 d6 2. Nc3 Nf6 3. d3 g6 4. Bg5 Bg7 5. Qd2 Nc6 6. Nf3 O-O 7. Bh6 e5 8. h3
Bd7 9. g4 Be6 10. O-O-O Re8 11. Bxg7 Kxg7 12. g5 Nd7 13. h4 Bg4 14. Bh3 Bh5 15.
Rdg1 f6 16. Bxd7 Qxd7 17. gxf6+ Kxf6 18. Qg5+ Kf7 19. Nd5 Re6 20. Qh6 Bxf3 21.
Qxh7+ Ke8 22. Qg8# 1-0

[Event "Michigan Open Booster"]
[Site "Lansing, MI"]
[Date "2002.08.31"]
[Round "3.2"]
[White "Feller, Brad"]
[Black "Aguilar, Javier"]
[Result "1-0"]
[WhiteElo "1304"]
[BlackElo "1213"]
[PlyCount "81"]
[EventDate "2002.08.30"]

1. c4 b6 2. Nc3 Bb7 3. d3 Nf6 4. Bg5 e6 5. Nf3 d6 6. e3 Nbd7 7. d4 Be7 8. Bd3
O-O 9. Qc2 h6 10. Bxf6 Nxf6 11. Ne4 Nxe4 12. Bxe4 Bxe4 13. Qxe4 d5 14. cxd5
Bb4+ 15. Ke2 Qxd5 16. Qxd5 exd5 17. a3 Bd6 18. b4 Rac8 19. Rac1 c5 20. dxc5
bxc5 21. b5 d4 22. exd4 cxd4 23. Rxc8 Rxc8 24. Nxd4 Bxa3 25. Nc6 Re8+ 26. Kf3
Bc5 27. Ra1 Ra8 28. g4 Bb6 29. Ra2 f6 30. h4 Kf8 31. Kf4 Kf7 32. h5 g6 33.
hxg6+ Kxg6 34. Ne7+ Kf7 35. Nf5 Bc7+ 36. Ke4 Kg6 37. f4 Re8+ 38. Kf3 Bb6 39.
Rh2 Rh8 40. Rh5 Bc5 41. Nh4+ 1-0

[Event "Michigan Open"]
[Site "Lansing, MI"]
[Date "2002.08.31"]
[Round "3.16"]
[White "Farmand, Farnood"]
[Black "Aldrich, Jeff"]
[Result "1-0"]
[WhiteElo "1693"]
[BlackElo "1907"]
[PlyCount "75"]
[EventDate "2002.08.30"]

1. c4 c6 2. Nc3 d5 3. d4 Nf6 4. Nf3 e6 5. Bf4 dxc4 6. e4 b5 7. Bg5 Bb7 8. e5 h6
9. Bh4 g5 10. Nxg5 hxg5 11. Bxg5 Nbd7 12. exf6 a6 13. Be2 Nb6 14. Bf3 Qc7 15.
h3 O-O-O 16. Qd2 e5 17. O-O Rxd4 18. Qe2 Rg8 19. Be3 c5 20. Bxd4 exd4 21. Qe8+
Qd8 22. Bxb7+ Kc7 23. Qc6+ Kb8 24. Bxa6 Qc7 25. Qxc7+ Kxc7 26. Nxb5+ Kc6 27.
Rfe1 Rg6 28. Re8 Bh6 29. Na7+ Kd6 30. Rae1 Rxf6 31. Nb5+ Kc6 32. R1e7 Na4 33.
Na7+ Kd6 34. Bxc4 Nxb2 35. Nb5+ Kc6 36. Rc7+ Kb6 37. Rb8+ Ka5 38. Nd6 1-0

[Event "Michigan Open"]
[Site "Lansing, MI"]
[Date "2002.08.31"]
[Round "3.8"]
[White "Everett, Morgan"]
[Black "Skidmore, Jennifer"]
[Result "1-0"]
[WhiteElo "2077"]
[BlackElo "1843"]
[PlyCount "111"]
[EventDate "2002.08.30"]

1. e4 e5 2. Nf3 d6 3. d4 Nf6 4. Nc3 exd4 5. Nxd4 Be7 6. Be2 O-O 7. O-O Re8 8.
f4 Nbd7 9. Bf3 Bf8 10. Kh1 Nc5 11. Re1 c6 12. Nb3 d5 13. exd5 Rxe1+ 14. Qxe1
cxd5 15. Be3 Nxb3 16. axb3 b6 17. Rd1 Bb7 18. Bd4 Qd6 19. Be5 Qe6 20. Nb5 Ne8
21. c4 Qd7 22. Bxd5 Bxd5 23. Rxd5 Qe6 24. Nd4 Qg4 25. h3 Qg6 26. f5 Qh6 27. Nf3
Bc5 28. b4 Bd6 29. Bxd6 Nxd6 30. c5 Re8 31. Re5 Rf8 32. cxd6 Qxd6 33. Re8 g6
34. Rxf8+ Kxf8 35. fxg6 hxg6 36. Qd2 Qf6 37. Qd4 Qc6 38. Ne5 Qc1+ 39. Kh2 Qc7
40. Qf4 Kg7 41. Nxg6 Qc2 42. Ne5 f6 43. Qg3+ Kf8 44. Nd3 Ke7 45. h4 Ke6 46. h5
Kd7 47. h6 Qe2 48. h7 Kc6 49. Qf3+ Qxf3 50. gxf3 Kb5 51. h8=Q Kc4 52. Qxf6 Kxd3
53. Qc3+ Ke2 54. Kg3 a5 55. f4 axb4 56. Qxb4 1-0

[Event "Michigan Open"]
[Site "Lansing, MI"]
[Date "2002.08.31"]
[Round "1.25"]
[White "Everett, Morgan"]
[Black "Kahn, Aaron"]
[Result "1-0"]
[WhiteElo "2077"]
[BlackElo "1821"]
[PlyCount "81"]
[EventDate "2002.08.30"]

1. e4 e6 2. d4 d5 3. Nc3 Nf6 4. Bg5 Be7 5. e5 Nfd7 6. h4 Bxg5 7. hxg5 Qxg5 8.
Nh3 Qe7 9. Nf4 Nc6 10. Qg4 g6 11. O-O-O h5 12. Qg3 Nb6 13. Bb5 Bd7 14. Qe3 a6
15. Be2 O-O-O 16. Kb1 Na5 17. Nd3 Nac4 18. Qc1 f6 19. exf6 Qxf6 20. Qf4 Qg7 21.
Nc5 g5 22. Qc1 g4 23. b3 Nd6 24. Qa3 e5 25. Qb4 exd4 26. Qxd4 Qxd4 27. Rxd4 c6
28. a4 Nf5 29. Rf4 Ng7 30. a5 Na8 31. Rf7 Ne6 32. N3a4 Nxc5 33. Nxc5 Rhe8 34.
Bd3 Rf8 35. Rxf8 Rxf8 36. Rxh5 Nc7 37. Rh7 Be8 38. Rxc7+ Kxc7 39. Ne6+ Kd6 40.
Nxf8 Ke5 41. Bg6 1-0

[Event "Michigan Open Booster"]
[Site "Lansing, MI"]
[Date "2002.08.31"]
[Round "3.5"]
[White "Droge-Germain, Kurtis"]
[Black "Vasos, Brandon"]
[Result "0-1"]
[WhiteElo "1168"]
[BlackElo "1313"]
[PlyCount "98"]
[EventDate "2002.08.30"]

1. e4 e6 2. d4 d5 3. exd5 exd5 4. Bd3 c5 5. dxc5 Bxc5 6. Nf3 Nf6 7. Qe2+ Qe7 8.
Qxe7+ Kxe7 9. Bg5 Re8 10. O-O Nc6 11. Nc3 Be6 12. Rfe1 Rad8 13. Rad1 h6 14.
Bxf6+ Kxf6 15. Bb5 a6 16. Ba4 Re7 17. a3 Bd6 18. Bb3 d4 19. Nd5+ Bxd5 20. Bxd5
Rxe1+ 21. Rxe1 Bxh2+ 22. Kxh2 Rxd5 23. Rd1 Rc5 24. Rd2 g5 25. g4 Kg6 26. Kg3
Rb5 27. b4 a5 28. Nxd4 Rd5 29. c3 axb4 30. axb4 Nxd4 31. Rxd4 Rxd4 32. cxd4 f5
33. gxf5+ Kxf5 34. f3 h5 35. Kg2 g4 36. d5 gxf3+ 37. Kxf3 Ke5 38. Kg3 Kxd5 39.
Kh4 Kc4 40. Kxh5 Kxb4 41. Kg4 Kc3 42. Kf3 b5 43. Ke2 Kc2 44. Ke3 b4 45. Kd4 b3
46. Kc4 b2 47. Kb4 b1=Q+ 48. Ka4 Qb6 49. Ka3 Qb3# 0-1

[Event "Michigan Open"]
[Site "Lansing, MI"]
[Date "2002.08.31"]
[Round "3.7"]
[White "Dodaj, Gjergj"]
[Black "Hankinson, Chris"]
[Result "1/2-1/2"]
[WhiteElo "1942"]
[BlackElo "2115"]
[PlyCount "124"]
[EventDate "2002.08.30"]

1. e4 d5 2. exd5 Nf6 3. d4 Bg4 4. Be2 Bxe2 5. Qxe2 Qxd5 6. Nf3 e6 7. O-O Nc6 8.
Rd1 O-O-O 9. c4 Qh5 10. Nc3 h6 11. Bf4 g5 12. Be5 Nxe5 13. Qxe5 Qg6 14. Qa5 a6
15. Ne5 Qf5 16. b4 Bd6 17. Nxf7 Bxh2+ 18. Kf1 Nd5 19. Nxd8 Ne3+ 20. Ke2 Qc2+
21. Kxe3 Bf4+ 22. Kf3 Qxc3+ 23. Ke2 Qxc4+ 24. Ke1 Bd6 25. Rab1 Rxd8 26. Qa3 Rf8
27. Qb3 Qc6 28. Kf1 Qb5+ 29. Qd3 Qd5 30. Rd2 g4 31. Kg1 Qh5 32. g3 Rf3 33. Qe4
Qf5 34. Qxf5 Rxf5 35. Rd3 h5 36. Kg2 Kd7 37. Re3 Rd5 38. Re4 Rb5 39. a3 a5 40.
Re2 axb4 41. axb4 Rd5 42. Re4 b5 43. Kf1 Rf5 44. Ke2 Kc6 45. Rxe6 Kd5 46. Rh6
Kxd4 47. Rh1 Re5+ 48. Kd1 Kc4 49. R6xh5 Re4 50. Re1 Rd4+ 51. Kc2 Bxb4 52. Re2
Bd6 53. Rh1 b4 54. Rhe1 Kd5 55. Rb1 Rc4+ 56. Kb2 Be5+ 57. Kb3 Rd4 58. Rc1 Bd6
59. Rec2 c5 60. Rc4 Rd3+ 61. Ka4 Rd4 62. Kb3 Rd3+ 1/2-1/2

[Event "Michigan Open"]
[Site "Lansing, MI"]
[Date "2002.08.31"]
[Round "1.27"]
[White "Davidovich, Manis"]
[Black "Zubatch, Steve"]
[Result "1-0"]
[WhiteElo "2007"]
[BlackElo "1811"]
[PlyCount "37"]
[EventDate "2002.08.30"]

1. e4 g6 2. d4 Bg7 3. Nc3 d6 4. Be3 Nf6 5. Qd2 O-O 6. f3 Re8 7. Bh6 Bh8 8. h4
c5 9. d5 a6 10. h5 b5 11. hxg6 hxg6 12. Qf4 b4 13. Nce2 Qa5 14. Kf2 Nxd5 15.
exd5 Bxb2 16. Rb1 Be5 17. Qh4 Qxa2 18. Bf4 Qb2 19. Qh7+ 1-0

[Event "Michigan Open"]
[Site "Lansing, MI"]
[Date "2002.08.31"]
[Round "3.2"]
[White "Davidovich, Manis"]
[Black "Levi, Ariel"]
[Result "0-1"]
[WhiteElo "2007"]
[BlackElo "2164"]
[PlyCount "98"]
[EventDate "2002.08.30"]

{Sicilian: Yugoslav Dragon} 1. e4 c5 2. Nf3 d6 3. d4 cxd4 4. Nxd4 Nf6 5. Nc3 g6
6. Be3 Bg7 7. f3 Nc6 8. Qd2 O-O 9. Bc4 Bd7 10. O-O-O Qa5 11. Bb3 Rfc8 12. Kb1
Ne5 13. h4 Nc4 14. Bxc4 Rxc4 15. Nb3 Qc7 16. Bd4 Be6 17. h5 a5 18. a4 b5 19.
Nxb5 Qb8 20. hxg6 hxg6 21. Nc3 Rb4 22. Qf2 Qb7 23. g4 Rb8 24. Rh2 Bxb3 25. cxb3
Rxb3 26. Rdh1 e5 27. Ba7 Rxc3 28. Bxb8 Qxb8 29. Qh4 Rb3 30. Qg5 Rxf3 31. Qh4
Qc7 32. Re2 Rf4 33. Rc1 Qb7 34. Qh3 Rxe4 35. Rec2 Rb4 36. Rc8+ Bf8 37. Qh2 Qe4+
38. R1c2 Qe1+ 39. Rc1 Qe4+ 40. R1c2 Rxa4 41. b3 Rb4 42. Ka2 a4 43. Rxf8+ Kxf8
44. Qh8+ Ke7 45. Rc7+ Nd7 46. Qh4+ Ke6 47. Qh8 Qe2+ 48. Ka1 Qd1+ 49. Ka2 Qxb3+
0-1

[Event "Michigan Open Booster"]
[Site "Lansing, MI"]
[Date "2002.08.31"]
[Round "1.21"]
[White "Culverson, Javin"]
[Black "Almasy, Roy"]
[Result "0-1"]
[WhiteElo "1127"]
[BlackElo "1333"]
[PlyCount "55"]
[EventDate "2002.08.30"]

1. e4 e5 2. Nf3 Nc6 3. Bc4 Bc5 4. b4 Nxb4 5. c3 Nc6 6. d4 exd4 7. cxd4 Bb4+ 8.
Bd2 d6 9. Qb3 Bxd2+ 10. Nbxd2 Nh6 11. O-O O-O 12. e5 dxe5 13. dxe5 Bg4 14. e6
Na5 15. exf7+ Nxf7 16. Qb4 c5 17. Bxf7+ Rxf7 18. Qxg4 Rd7 19. Qe6+ Kh8 20. Ng5
Re7 21. Nf7+ Rxf7 22. Qxf7 Qxd2 23. Rad1 Qg5 24. Rfe1 h6 25. Re8+ Rxe8 26.
Qxe8+ Kh7 27. g3 b6 28. Rd8 {Remainder illegible} 0-1

[Event "Michigan Open Reserve"]
[Site "Lansing, MI"]
[Date "2002.08.31"]
[Round "2.31"]
[White "Crysler, Jerry"]
[Black "Aldrich, Justin"]
[Result "1-0"]
[WhiteElo "1467"]
[BlackElo "1610"]
[PlyCount "141"]
[EventDate "2002.08.30"]

1. g3 e5 2. Bg2 d5 3. c4 dxc4 4. Qa4+ c6 5. Qxc4 Be6 6. Qc2 Nf6 7. f3 Nbd7 8.
Nh3 h6 9. Nc3 Bc5 10. e3 O-O 11. Nf2 Re8 12. O-O Rc8 13. b3 Bb6 14. Bb2 Nd5 15.
Nfe4 Qe7 16. Na4 Bc7 17. Nec5 Nxc5 18. Qxc5 Qxc5 19. Nxc5 b6 20. Nxe6 Rxe6 21.
Bh3 Rce8 22. Bxe6 Rxe6 23. a3 c5 24. Rae1 Rg6 25. d4 cxd4 26. exd4 exd4 27.
Bxd4 f5 28. Rd1 f4 29. Bf2 Nc3 30. Rd2 fxg3 31. hxg3 Nb5 32. a4 Nd6 33. Rc2 Bd8
34. Rc6 Be7 35. Rd1 Rf6 36. Kg2 Kh7 37. Rc7 Re6 38. Rxa7 Re2 39. Rd7 Nf5 40.
Kg1 Bf6 41. R7d2 Re6 42. g4 Ne7 43. Rd6 Re2 44. Rxb6 Ng6 45. Rb4 Ne5 46. Rf4
Rb2 47. b4 Rb3 48. Kg2 Rb2 49. Kg3 Ng6 50. Rxf6 gxf6 51. Bc5 Ne5 52. a5 Rb3 53.
Rf1 Nd3 54. a6 Ra3 55. Rd1 Nxc5 56. bxc5 Rxa6 57. Rd6 Ra5 58. c6 Rc5 59. Rxf6
Kg7 60. Rd6 h5 61. gxh5 Rxh5 62. Rd7+ Kf6 63. c7 Rc5 64. f4 Ke6 65. Rg7 Kd6 66.
Kg4 Rxc7 67. Rxc7 Kxc7 68. Kf5 Kd7 69. Kf6 Ke8 70. Kg7 Ke7 71. f5 1-0

[Event "Michigan Open Reserve"]
[Site "Lansing, MI"]
[Date "2002.08.31"]
[Round "2.32"]
[White "Cox, Nick"]
[Black "Johnson, Marshall"]
[Result "1-0"]
[WhiteElo "1589"]
[BlackElo "1362"]
[Annotator "Marshall Johnson"]
[PlyCount "81"]
[EventDate "2002.08.30"]

1. e4 c5 2. Nf3 d6 3. d4 cxd4 4. Nxd4 Nf6 5. Nc3 g6 6. Be3 Bg7 7. f3 {Oh
Good!! We're going to play the Yugoslav. To put it lightly -- I feel very
comfortable in these waters.} Nc6 8. Qd2 O-O 9. Bc4 Bd7 10. O-O-O Qa5 11. h4 ({
Up til now every move has been right down the middle of hallway no.1 labeled
"Well-worn theory" but now White makes a glaring transposition. You can't find
a reputable opening book anywhere that recommends anythingbut} 11. Bb3 {I
figured there must be some trap that would punish White for this mis-step. But
alas, not only couldn't I find a refutation over the board -- neither could
Fritz or a couple fine Dragon books by Gufeld.}) 11... Rfc8 {The popular
theoretical move for Black with the additional virtue of being ready to punish
White if he still refuses to put his king bishop where it belongs.} 12. Bb3 ({
It's about me. Had White stubbornly gone on with a threatening developing move
such as:} 12. h5 $2 Nxh5 {Puts the Nd4 in danger, along with the Bc4. Also,
don't forget -- if d4 gets too overworked the Nh5 provides cover for the
Dragon bishop to do damage along the c1-h6 diagonal}) (12. g4 $2 Nxd4 13. Bxf7+
Kxf7 14. Bxd4 Rc4 $19 {- Fritz}) 12... Ne5 13. g4 Rc4 $6 ({Black goes for an
older speculative line here, since he felt White was a bit unsure of his
footing. The normal line here is:} 13... Nc4 14. Bxc4 Rxc4 15. Nb3 Qa6 16. h5
Rxc3 17. bxc3 (17. Qxc3 $2 Nd5 $1 18. Qxg7+ (18. Qd3 Nxe3 19. Qxe3 Qxa2 $19 {
- Fritz}) 18... Kxg7 19. Rxd5 Bc6 20. Rdd1 Qxa2 21. Bd4+ f6 $19 {- Fritz})
17... Qxa2 18. hxg6 $13) 14. Bxc4 Nxc4 15. Qe2 $6 ({Better is:} 15. Qd3 Qb4 16.
Nb3 Nxe4 17. Nxe4 Nxb2 18. Qd5 Nxd1 19. Kxd1 $11 {Fritz}) 15... Qb4 16. Nb3 a5
$4 ({Much better is:} 16... Nxb2 $1 17. Rd4 {Better than:} (17. Kxb2 Nxe4 $3
18. Bd4 Bxd4 19. Rxd4 Qxc3+ 20. Ka3 Ng3 $17 {Fritz}) 17... Qxc3 18. Bd2 Qc7 19.
Kxb2 Rc8 20. Qd3 Ne8 $17 {Fritz}) 17. a3 Nxa3 18. Rd4 Nxc2 $2 ({Black further
loses his way accelerating the process of defeat. Better is:} 18... Bb5 $1 19.
Nxb5 Qxb5 20. Qxb5 Nxb5 21. Ra4 $1 $18 {Fritz}) 19. Rxb4 Nxb4 20. h5 a4 21. Nd4
a3 22. bxa3 Rxa3 23. Kb2 Ra8 24. hxg6 hxg6 25. Qc4 Nc6 26. Qb3 Bxg4 $6 27. fxg4
Nxg4 28. Nxc6 bxc6 29. Bd2 Nf2 30. Rh4 Bf6 31. Rh2 ({White avoids the cheap
trap:} 31. Rf4 $2 Nd3+) 31... Nxe4 {The good news: Black has 5 pawns vs. 0.
The bad news -- White has a queen for the 5 pawns!} 32. Kc2 Nxd2 33. Kxd2 c5
34. Ne4 Be5 35. Rg2 e6 36. Ke3 Bd4+ 37. Kf3 d5 38. Ng5 c4 39. Qb7 Rf8 40. Rh2
Kg7 $4 41. Nxe6+ 1-0

[Event "Michigan Open Booster"]
[Site "Lansing, MI"]
[Date "2002.08.31"]
[Round "3.3"]
[White "Clark, Richard"]
[Black "Sanders, Travis"]
[Result "0-1"]
[WhiteElo "1213"]
[BlackElo "1271"]
[PlyCount "90"]
[EventDate "2002.08.30"]

1. g3 d5 2. Bg2 Nf6 3. Nf3 Nc6 4. d3 e5 5. Bg5 Be7 6. Nbd2 h6 7. Bxf6 Bxf6 8.
e4 d4 9. a3 b5 10. b4 a6 11. Nb3 Be7 12. O-O Bg4 13. Qd2 Rb8 14. Nc5 Bxc5 15.
bxc5 Qe7 16. Rfc1 Qxc5 17. c3 Bxf3 18. cxd4 Qd6 19. dxe5 Nxe5 20. Qe3 Bxg2 21.
Kxg2 O-O 22. Rc3 Rfc8 23. f4 Nd7 24. Rac1 Rb6 25. d4 a5 26. d5 c5 27. dxc6
Rbxc6 28. Rd3 Qe7 29. Rcd1 Nb6 30. Qd4 Nc4 31. Kf3 Rd6 32. Qf2 Nxa3 33. Rxd6
Rc3+ 34. R6d3 Rxd3+ 35. Rxd3 b4 36. Rd5 Qc7 37. Qd2 Kh7 38. Qd3 Qc4 39. e5+
Qxd3+ 40. Rxd3 a4 41. Rd7 b3 42. Rxf7 b2 43. f5 b1=Q 44. Kg4 Qe4+ 45. Kh5 Qxe5
0-1

[Event "Michigan Open Reserve"]
[Site "Lansing, MI"]
[Date "2002.08.31"]
[Round "3.13"]
[White "Christiansen, Jeremy"]
[Black "Hershberger, Kent"]
[Result "1-0"]
[WhiteElo "1670"]
[BlackElo "1474"]
[PlyCount "73"]
[EventDate "2002.08.30"]

1. e4 e5 2. Nf3 Nf6 3. Nxe5 d6 4. Nf3 Nxe4 5. d3 Nf6 6. d4 Be7 7. Bd3 Bg4 8. c3
O-O 9. O-O Nbd7 10. Nbd2 d5 11. Qc2 Re8 12. Ne5 h6 13. f4 c5 14. h3 c4 15. Nxg4
Nxg4 16. Bh7+ Kh8 17. hxg4 g6 18. Bxg6 fxg6 19. Qxg6 Bf8 20. Nf3 Rc8 21. Ne5
Nxe5 22. fxe5 Rc6 23. Qf7 Rc7 24. Qf6+ Qxf6 25. Rxf6 Rh7 26. Bd2 Bg7 27. Rd6
Rg8 28. Rf1 h5 29. gxh5 Rxh5 30. Rxd5 Bh6 31. Bxh6 Rxh6 32. Rd7 Rhg6 33. Rf2
R6g7 34. Rxg7 Rxg7 35. e6 Kg8 36. d5 Rg5 37. e7 1-0

[Event "Michigan Open Reserve"]
[Site "Lansing, MI"]
[Date "2002.08.31"]
[Round "2.25"]
[White "Choate, Eric"]
[Black "West, Aaron"]
[Result "1-0"]
[WhiteElo "1521"]
[BlackElo "1427"]
[PlyCount "79"]
[EventDate "2002.08.30"]

1. e4 e5 2. Nf3 Nc6 3. Bc4 Nf6 4. d3 Be7 5. Nc3 d6 6. h3 h6 7. O-O O-O 8. a3 a5
9. Nh2 Be6 10. Bxe6 fxe6 11. Ng4 d5 12. Nxf6+ Bxf6 13. Qg4 Kh8 14. Qxe6 Nd4 15.
Qxd5 Nxc2 16. Rb1 c6 17. Qxd8 Raxd8 18. Rd1 Be7 19. Kf1 Bc5 20. f3 g5 21. Ke2
Rd7 22. h4 g4 23. Bxh6 Nd4+ 24. Kf1 Rff7 25. f4 exf4 26. Ne2 Nc2 27. Nxf4 Ne3+
28. Ke2 Nxd1 29. Rxd1 g3 30. Kf3 Bf2 31. Bg5 Kh7 32. Ke2 Rg7 33. Nh5 Rxg5 34.
hxg5 Kg6 35. Nf4+ Kxg5 36. Nh3+ Kg4 37. Nxf2+ gxf2 38. Kxf2 Rf7+ 39. Ke3 Kg3
40. Rd2 {Remainder illegible, 45?} 1-0

[Event "Michigan Open Reserve"]
[Site "Lansing, MI"]
[Date "2002.08.31"]
[Round "3.15"]
[White "Cendrowski, Chris"]
[Black "McAuliffe, Todd"]
[Result "0-1"]
[WhiteElo "1461"]
[BlackElo "1644"]
[PlyCount "138"]
[EventDate "2002.08.30"]

1. e4 e6 2. d4 d5 3. Nc3 Nf6 4. e5 Nfd7 5. f4 c5 6. Nf3 Nc6 7. Be3 a6 8. Qd2
Be7 9. O-O-O c4 10. g4 b5 11. f5 b4 12. Ne2 Qa5 13. Kb1 Nb6 14. b3 Na7 15. Qe1
Nb5 16. Bc1 c3 17. Rd3 exf5 18. gxf5 Bxf5 19. Re3 Na3+ 20. Bxa3 Qxa3 21. Qc1
Qxc1+ 22. Kxc1 O-O 23. Ng3 Bg6 24. h4 h6 25. h5 Bh7 26. Ne2 Rfc8 27. Nf4 Be4
28. Rh2 a5 29. Bd3 Bxd3 30. Nxd3 Ra7 31. Kd1 a4 32. Re1 axb3 33. axb3 Ra1+ 34.
Ke2 Rxe1+ 35. Nfxe1 Na8 36. Ng2 Nc7 37. Rh1 Ne6 38. Ke3 Bg5+ 39. Ndf4 Nxf4 40.
Nxf4 Bxf4+ 41. Kxf4 Ra8 42. Ke3 Kf8 43. Rf1 Ke7 44. Rg1 Kf8 45. Rf1 Ra6 46. Kd3
g6 47. hxg6 Rxg6 48. Rf2 Ke7 49. Rh2 Kf8 50. Ke3 Kg7 51. Kf3 Rg1 52. Ke2 Kg6
53. Rf2 h5 54. Rf6+ Kg7 55. Rf2 h4 56. Rh2 Rg4 57. Ke3 Re4+ 58. Kd3 Kg6 59. Re2
Rxe2 60. Kxe2 Kf5 61. Kf3 h3 62. Kg3 Ke4 63. Kxh3 Kxd4 64. Kg4 Kxe5 65. Kf3 d4
66. Ke2 Ke4 67. Kd1 Ke3 68. Ke1 d3 69. cxd3 c2 0-1

[Event "Michigan Open Booster"]
[Site "Lansing, MI"]
[Date "2002.08.31"]
[Round "2.27"]
[White "Carter, Ashley"]
[Black "Culverson, Javin"]
[Result "1-0"]
[WhiteElo "886"]
[BlackElo "1127"]
[PlyCount "77"]
[EventDate "2002.08.30"]

1. d4 Nf6 2. c4 c5 3. Nf3 e6 4. Nc3 b6 5. e3 Bb7 6. Be2 d5 7. O-O dxc4 8. Bxc4
Bd6 9. b3 Nbd7 10. Bb2 Rc8 11. Nb5 Ne4 12. Nxa7 Ra8 13. Nb5 O-O 14. Nxd6 Nxd6
15. Nd2 Qg5 16. g3 Nxc4 17. Nxc4 Qd5 18. f3 b5 19. e4 Qg5 20. Nd2 cxd4 21. Bxd4
Rfd8 22. Qe2 Ne5 23. f4 Qh6 24. Bxe5 f6 25. Bb2 e5 26. Bc1 exf4 27. Rxf4 Rac8
28. Qxb5 Bxe4 29. Nxe4 Rd1+ 30. Rf1 Rxf1+ 31. Qxf1 Qg6 32. Nf2 Qc2 33. Bf4 Qb2
34. Rc1 Re8 35. Re1 Rxe1 36. Qxe1 g5 37. Qe8+ Kg7 38. Bd6 Qb1+ 39. Kg2 1-0

[Event "Michigan Open Reserve"]
[Site "Lansing, MI"]
[Date "2002.08.31"]
[Round "2.2"]
[White "Carr, Jay"]
[Black "Laurin, Edward"]
[Result "0-1"]
[WhiteElo "1600"]
[BlackElo "1757"]
[Annotator "Edward Laurin"]
[PlyCount "78"]
[EventDate "2002.08.30"]

1. c4 e5 2. Nc3 Nc6 3. g3 Nf6 4. Bg2 Be7 5. e3 d6 6. Nge2 Be6 ({This gives
White an advantage. better would have been} 6... Bd7) 7. Nd5 Qc8 8. Nec3 O-O 9.
d3 Bd8 10. O-O Bh3 11. e4 Nxd5 12. cxd5 Ne7 13. Be3 Ng6 14. Rc1 (14. f4 {
starts to open lines up for attack on Black's uncoordinated pieces.}) 14...
Bxg2 15. Kxg2 f5 16. f4 exf4 17. Bxf4 Nxf4+ 18. Rxf4 $2 ({This drops the
exchange. However after} 18. gxf4 Bh4 {Black will get play on White's exposed
king-side.}) 18... Bg5 19. Nb5 Qd7 20. Nxc7 Bxf4 21. gxf4 Rac8 22. Ne6 Rxc1 23.
Qxc1 Rc8 24. Qd1 Qf7 25. h3 ({Something has to be done about the upcoming fork
threat.} 25. e5 {gives play to White with the passed pawns.}) 25... fxe4 26.
dxe4 Qg6+ 27. Qg4 (27. Kf3 $4 Qh5+) 27... Qxe4+ 28. Kg3 Qe1+ 29. Kf3 Qd1+ 30.
Ke3 Qxg4 31. hxg4 Rc2 32. Nd4 Rxb2 33. Nf5 Rb6 (33... Rxa2 34. Nxd6 {gives
White too much play with the newly passed pawn. This way, Black is still up
the exchange and can activate his king.}) 34. g5 Kf7 35. Nd4 h6 36. Ne6 hxg5
37. Nxg5+ Kf6 38. Nf3 Rb2 39. a4 Rb3+ {Once White's knight is off the board
the endgame is a simple win for Black.} 0-1

[Event "Michigan Open"]
[Site "Lansing, MI"]
[Date "2002.08.31"]
[Round "1.28"]
[White "Bolda, Dan H"]
[Black "Santiago, Reynaldo"]
[Result "1-0"]
[WhiteElo "1795"]
[BlackElo "2000"]
[PlyCount "55"]
[EventDate "2002.08.30"]

1. d4 g6 2. c4 Bg7 3. e4 c5 4. d5 d6 5. Qc2 Nf6 6. Nc3 O-O 7. Be2 e6 8. Nf3 Na6
9. a3 exd5 10. Nxd5 Nxd5 11. exd5 Bf5 12. Qb3 Rb8 13. O-O Re8 14. Re1 Nc7 15.
Bg5 Qd7 16. Nh4 b5 17. cxb5 Nxb5 18. Nxf5 gxf5 19. Qg3 Kh8 20. Bxb5 Rxb5 21.
Rxe8+ Qxe8 22. Qxd6 Bxb2 23. Bf6+ Bxf6 24. Qxf6+ Kg8 25. d6 Qe6 26. Qd8+ Kg7
27. d7 c4 28. Qg5+ 1-0

[Event "Michigan Open Reserve"]
[Site "Lansing, MI"]
[Date "2002.08.31"]
[Round "3.17"]
[White "Bolda, Dan G"]
[Black "Hodge, Larry"]
[Result "1-0"]
[WhiteElo "1600"]
[BlackElo "1339"]
[PlyCount "37"]
[EventDate "2002.08.30"]

1. d4 d5 2. c4 dxc4 3. e4 Nf6 4. e5 Nd5 5. Bxc4 e6 6. Nf3 Be7 7. O-O O-O 8. a3
c5 9. dxc5 Bxc5 10. Qc2 Be7 11. Bd3 h6 12. Rd1 Nd7 13. Be4 N7b6 14. Nc3 Qc7 15.
Nxd5 Qxc2 16. Nxe7+ Kh8 17. Bxc2 Re8 18. Nxc8 Raxc8 19. Be4 1-0

[Event "Michigan Open Reserve"]
[Site "Lansing, MI"]
[Date "2002.08.31"]
[Round "1.27"]
[White "Bolda, Dan G"]
[Black "Harris, Harold"]
[Result "1/2-1/2"]
[WhiteElo "1600"]
[BlackElo "1434"]
[PlyCount "120"]
[EventDate "2002.08.30"]

1. d4 d5 2. c4 e6 3. Nc3 Nf6 4. cxd5 exd5 5. Bg5 Be7 6. e3 c6 7. Bd3 Bg4 8. Nf3
O-O 9. h3 Bh5 10. Qc2 Bg6 11. Bxg6 fxg6 12. Qb3 Qc7 13. O-O Kh8 14. Rac1 Nbd7
15. Rfe1 Qb6 16. Qc2 Rf7 17. a3 Bd6 18. b4 Re8 19. Bh4 Ne4 20. Nxe4 Rxe4 21.
Ng5 Rfe7 22. Nxe4 Rxe4 23. Bg3 Bxg3 24. fxg3 Qc7 25. Qf2 Nf6 26. g4 g5 27. Rf1
Qe7 28. Rc3 a6 29. Qg3 h6 30. Rf5 Re6 31. Re5 Rxe5 32. Qxe5 Qxe5 33. dxe5 Ne4
34. Rc2 Kg8 35. Kf1 Kf7 36. Ke2 Ke6 37. Kd3 Kxe5 38. a4 Kd6 39. Kd4 b6 40. Rc1
c5+ 41. bxc5+ bxc5+ 42. Kd3 c4+ 43. Kc2 Ke5 44. Rb1 Nc5 45. Rb8 Nxa4 46. Re8+
Kf6 47. Ra8 Nc5 48. Rc8 Nd3 49. Kc3 a5 50. Ra8 Ke5 51. Rxa5 Ke4 52. Ra7 Kxe3
53. Rxg7 Ne5 54. Re7 d4+ 55. Kc2 Kf4 56. g3+ Ke4 57. h4 gxh4 58. gxh4 Kf4 59.
g5 hxg5 60. hxg5 Ng6 1/2-1/2